| 000 | 00940cam a2200229 4500 | ||
|---|---|---|---|
| 001 | ABS65869 | ||
| 008 | 020905n2002 000 0 eng u | ||
| 035 | _a(Sirsi) u119572 | ||
| 100 | _aLainton, A. | ||
| 245 | _aNo 'plan B' for Ken | ||
| 260 | _c2002 | ||
| 490 |
_aTown & Country Planning _v71July/August 2002, 193(1) |
||
| 520 | _aSuggests that Livingstone's draft 'London plan' lacks any sense of what kind of place London is, how it is developed and what kind of problems this has produced. Disappointingly the plan often reads more like a business rather than a development plan and it will be difficult for those already living in London to tell how it will benefit their quality of life. | ||
| 590 | _aABS | ||
| 650 | _aLONDON PLAN | ||
| 650 | _aLONDON BOROUGHS | ||
| 650 | _aMAYOR OF LONDON | ||
| 650 | _aSTRATEGIC GUIDANCE | ||
| 650 | _aPOPULATION INCREASE | ||
| 690 |
_aPlanning and development _96259 |
||
| 942 | _n0 | ||
| 999 |
_c71091 _d71091 |
||